| 000 | 01143ngm a22003370a 4500 | ||
|---|---|---|---|
| 001 | PT19570 | ||
| 003 | AR-LpoUNG | ||
| 005 | 20210202000319.0 | ||
| 007 | vd cvaizq | ||
| 008 | 191001s1972||||sp |||||||||||||||||spa d | ||
| 037 | _c$9,97 | ||
| 040 |
_aAR-LpoUNG _bspa _cAR-LpoUNG _eaacr |
||
| 041 | _aspa | ||
| 044 | _asp | ||
| 082 | 0 | _a947.084 449die | |
| 100 | 1 |
_aChabrol, Claude _edir. |
|
| 245 | 1 | 4 |
_aLos diez días que conmovieron al mundo : _bla revolución rusa |
| 260 |
_aBarcelona : _bS.A.V., _c[1972]. |
||
| 300 | _aVHS (77 min.) : son., col. | ||
| 520 | _aDiez Días que conmovieron Al Mundo es una intensa y completa cuenta de la Revolución Rusa, con dramáticas reconstrucciones de los hechos sucedidos en 1917, filmada en los lugares donde realmente sucedieron, y con el testimonio de hombres y mujeres que personalmente participaron en la Revolución. | ||
| 650 | 4 | _aANALISIS HISTORICO | |
| 650 | 4 | _aCONFLICTOS POLITICOS | |
| 650 | 4 | _aHISTORIA | |
| 650 | 4 | _aREVOLUCION | |
| 650 | 4 | _aSOCIALISMO | |
| 651 | 4 | _aURSS | |
| 653 | _aVIDEOS | ||
| 700 | 1 |
_aWelles, Orson _enarr. |
|
| 905 | _a19570 | ||
| 942 | _cVIDEO | ||
| 999 |
_c54600 _d54600 |
||